000 00234nam a2200085Ia 4500
008 120527s9999 xx 000 0 und d
100 _aCONMILL and KONNEH
245 _aWorld Historty: Topical Approaces Readings for Historty
942 _cBK
999 _c25464
_d25464